| 000 | 00586nam a2200157 a 4500 | ||
|---|---|---|---|
| 005 | 20140412111428.0 | ||
| 008 | 090627s19uu xx 00 eng d | ||
| 020 | _a0-590-42805-5 | ||
| 050 |
_aTR(PS E _bVe48 1990 |
||
| 100 | _aWilliams, Margery | ||
| 245 |
_aThe Velveteen Rabbit / _cMargery williams. |
||
| 260 |
_aU.S.A : _bScholastic, _c1990. |
||
| 300 | _a1v. unp. | ||
| 520 | _aMore than anything else, the Velveteen rabbit wants to become real - just like the wild rabbits he's been hoping in the woods. but can the boy help make the rabbit's wish come true? | ||
| 999 |
_c106290 _d106290 |
||